000 00804nam a2200265Ia 4500
003 OSt
005 20220926015432.0
006 a|||||r|||| 00| 0
007 ta
008 220923b |||||||| |||| 00| 0 eng d
020 _a1403934835
037 _cGeneral Book
040 _aRTL
_cRTL
_beng
041 _2eng
_aeng
082 _aX:54.1,h N95, P4
100 _aGuha-Khasnobis Basudeb
_9322265
245 0 _aWTO developing countries and the doha Development agenda
260 _aNew York
_bPalgrave Macmillan
_c2004
300 _axviii,321p
_ccm.
490 _aStudies in Development economics and plicy
500 _aBibliography Chapterwise
650 _aForeign Trade
942 _hX:54.1,h N95, P4
_cGB
_2CC
999 _c631527
_d631527